000 02940cam a22004458i 4500
001 21878646
005 20250312171730.0
006 m |o d |
007 cr |||||||||||
008 210125s2021 pau ob 001 0 eng
010 _a 2020058406
020 _a9781799881209
_q(Softcover)
020 _a9781799847373
_q(ebook)
020 _z9781799847366
_q(hardcover)
040 _aDLC
_beng
_cDLC
_erda
041 1 _aeng
_hpor
042 _apcc
050 0 0 _aLC4818.38
082 0 0 _a371.91
_223
245 0 0 _aAssistive technologies for differently abled students /
_cSangeeta Dhamdhere-Rao and Frederic Andres, editors.
263 _a2105
264 1 _aHershey, PA :
_bInformation Science Reference,
_c2021.
300 _axi, 313 pages
_c28 cm
336 _atext
_btxt
_2rdacontent
365 _bRs. 14949.00
504 _aIncludes bibliographical references and index.
505 0 _aAssistive technology for children with learning disabilities as an artificial intelligence application / Valerianus Hashiyana, Veiko Veiko, Nalina Suresh, Martin Ujakpa, William Sverdlik -- Ensuring technology integration in the classroom leads to increased accessibility : using UDL as a lens / Frederic Fovet -- The use of assistive technologies for blind students in virtual museums as a possibility in the teaching of distance art classes : case study : Presence in Absence exhibition / Sheisa Bittencourt -- Writing machine for blind people / V. Sivakumar, R. Swathi, V. Yuvaraj -- Tecnologia educacional adaptativa estudo de caso da plataforma educacional Simplix / Geisse Martins -- Acessibilidade física em biblioteca / Cícero Tavares -- JAWS (Job Access With Speech) : a third eye for visually impaired students / Ravindra Bankar, Shalini Lihitkar.
520 _a"This book provide a resource for higher educational institutes to implement effective assistive technologies and other related services for providing differently abled students a quality and equal education, enabling them to excel in their field and get good employment"--
_cProvided by publisher.
546 _aContributions in English and Portuguese.
588 _aDescription based on print version record and CIP data provided by publisher; resource not viewed.
650 0 _aPeople with disabilities
_xEducation (Higher)
650 0 _aLearning disabled
_xEducation (Higher)
650 0 _aAssistive computer technology.
650 0 _aSpecial education
_xTechnological innovations.
700 1 _aDhamdhere-Rao, Sangeeta,
_d1975-
_eeditor.
700 1 _aAndres, Frederic,
_d1962-
_eeditor.
776 0 8 _iPrint version:
_tAssistive technologies for differently abled students
_dHershey, PA : Information Science Reference, 2021.
_z9781799847366
_w(DLC) 2020058405
856 _uhttps://www.igi-global.com/pdf.aspx?tid=305457&ptid=244557&ctid=15&t=Table%20of%20Contents&isxn=9781799847366
_zClick here for the Table of Contents
942 _2ddc
_cBK
999 _c213396
_d213396